Welcome to CU Library Online Public Access Catalogue (OPAC)

The Bedford introduction to literature : (Record no. 9640)

MARC details
000 -LEADER
fixed length control field 00811cam a2200241 a 4500
001 - CONTROL NUMBER
control field 13489970
005 - DATE AND TIME OF LATEST TRANSACTION
control field 20260424144552.0
008 - FIXED-LENGTH DATA ELEMENTS--GENERAL INFORMATION
fixed length control field 040213s2005 maua 001 0 eng
020 ## - INTERNATIONAL STANDARD BOOK NUMBER
International Standard Book Number 0312412428
020 ## - INTERNATIONAL STANDARD BOOK NUMBER
International Standard Book Number 9780312412425
050 00 - LIBRARY OF CONGRESS CALL NUMBER
Classification number PN6014
Item number .B396 2005
082 00 - DEWEY DECIMAL CLASSIFICATION NUMBER
Classification number 808
Edition information 22
245 04 - TITLE STATEMENT
Title The Bedford introduction to literature :
Remainder of title reading, thinking, writing /
Statement of responsibility, etc. [edited by] Michael Meyer.
250 ## - EDITION STATEMENT
Edition statement 7th ed.
260 ## - PUBLICATION, DISTRIBUTION, ETC.
Place of publication, distribution, etc. Boston :
Name of publisher, distributor, etc. Bedford/St. Martins,
Date of publication, distribution, etc. c2005.
300 ## - PHYSICAL DESCRIPTION
Extent lii, 2189 p. :
Other physical details ill. (some col.) ;
Dimensions 24 cm.
500 ## - GENERAL NOTE
General note Includes indexes.
650 #0 - SUBJECT ADDED ENTRY--TOPICAL TERM
Topical term or geographic name entry element Literature
Form subdivision Collections.
650 #0 - SUBJECT ADDED ENTRY--TOPICAL TERM
Topical term or geographic name entry element College readers.
700 1# - ADDED ENTRY--PERSONAL NAME
Personal name Meyer, Michael,
Dates associated with a name 1945-
856 42 - ELECTRONIC LOCATION AND ACCESS
Materials specified Publisher description
Uniform Resource Identifier <a href="http://www.loc.gov/catdir/enhancements/fy0665/2004102162-d.html">http://www.loc.gov/catdir/enhancements/fy0665/2004102162-d.html</a>
942 ## - ADDED ENTRY ELEMENTS (KOHA)
Source of classification or shelving scheme Library of Congress Classification
Koha item type Books
Edition 7th Ed.
Suppress in OPAC No
999 ## -
-- 9640
-- 9640
Holdings
Withdrawn status Lost status Source of classification or shelving scheme Damaged status Not for loan Collection Home library Current library Shelving location Date acquired Total checkouts Full call number Barcode Date last seen Copy number Price effective from Koha item type
    Library of Congress Classification     Non-fiction Business Library (Miotso) Business Library (Miotso) General stacks 03/27/2026   PN6014 .B396 2005 BSSM00003781 04/24/2026 1 03/27/2026 Books
    Library of Congress Classification     Non-fiction Business Library (Miotso) Business Library (Miotso) General stacks 03/27/2026   PN6014 .B396 2005 BSSM00003782 04/24/2026 2 03/27/2026 Books
    Library of Congress Classification     Non-fiction Business Library (Miotso) Business Library (Miotso) General stacks 03/27/2026   PN6014 .B396 2005 BSSM00003922 04/24/2026 3 03/27/2026 Books
© 2023-2024 Copyright: Central University Libraries. All Rights Reserved | Created by: Mahone Tech Office